[Event "Speed Chess (Women) Q5"]
[Site "Chess.com INT"]
[Date "2021.06.04"]
[Round "6"]
[White "Linares Napoles, Oleiny"]
[Black "Zaksaite, Salomeja"]
[Result "1-0"]
[WhiteElo "2255"]
[BlackElo "2202"]
[PlyCount "69"]
[EventDate "2021.06.04"]
[EventType "swiss (blitz)"]
[EventRounds "9"]
[EventCountry "USA"]
[SourceTitle "CBM 202 Extra"]
[Source "ChessBase"]
[SourceDate "2021.07.31"]
[SourceVersion "1"]
[SourceVersionDate "2021.07.31"]
[SourceQuality "1"]

1. d4 Nf6 2. Bf4 g6 3. Nc3 d5 4. e3 Bg7 5. Be2 0-0 6. h4 h6 7. Nf3 c6 8. Qd2 Ne4 9. Nxe4 dxe4 10. Ne5 Nd7 11. Ng4 Kh7 12. 0-0-0 a5 13. f3 exf3 14. gxf3 a4 15. a3 Qa5 16. Bd3 Qxd2+ 17. Rxd2 Nf6 18. Nxf6+ Bxf6 19. h5 Bg7 20. Rdh2 Bf5 21. hxg6+ fxg6 22. Bxh6 Bxd3 23. Bxg7+ Kxg7 24. Rh7+ Kf6 25. cxd3 Ra5 26. f4 c5 27. d5 c4 28. e4 cxd3 29. Kd2 Rb5 30. Rg1 Rxb2+ 31. Ke3 Re2+ 32. Kxd3 Ra2 33. e5+ Kf5 34. Rh4 Rxa3+ 35. Kd4 1-0

[Event "Speed Chess (Women) Q4"]
[Site "Chess.com INT"]
[Date "2021.06.03"]
[Round "6"]
[White "Linares Napoles, Oleiny"]
[Black "Padmini, Rout"]
[Result "0-1"]
[WhiteElo "2255"]
[BlackElo "2370"]
[PlyCount "120"]
[EventDate "2021.06.03"]
[EventType "swiss (blitz)"]
[EventRounds "13"]
[EventCountry "USA"]
[SourceTitle "CBM 202 Extra"]
[Source "ChessBase"]
[SourceDate "2021.07.31"]
[SourceVersion "1"]
[SourceVersionDate "2021.07.31"]
[SourceQuality "1"]

1. d4 Nf6 2. Bf4 g6 3. Nc3 d5 4. e3 Bg7 5. Be2 c6 6. Qd2 Nbd7 7. Nf3 Nh5 8. Bg5 h6 9. Bh4 g5 10. Bg3 Nxg3 11. hxg3 e5 12. dxe5 Nxe5 13. 0-0-0 Bf5 14. Nxe5 Bxe5 15. f4 Bg7 16. g4 Be6 17. f5 Bd7 18. Bf3 Qa5 19. Kb1 0-0-0 20. Ne2 Qxd2 21. Rxd2 Rhe8 22. Rd3 Re5 23. Ng3 Be8 24. Rhd1 Rd7 25. e4 d4 26. Rxd4 Rxd4 27. Rxd4 Rb5 28. c4 Rxb2+ 29. Kxb2 Bxd4+ 30. Kc2 Be5 31. Nf1 Kc7 32. Kd3 Kd6 33. Nd2 Kc5 34. a3 a5 35. Nb3+ Kb6 36. Bd1 a4 37. Nd2 Ka5 38. Kc2 b5 39. Nf3 Bd6 40. cxb5 cxb5 41. Kb2 f6 42. Be2 Kb6 43. Bd3 Kc5 44. Bb1 Bc6 45. Bd3 Be8 46. Kc3 Bf7 47. Bc2 Kb6 48. Kb2 Ka5 49. Bd3 b4 50. axb4+ Kxb4 51. Bb1 a3+ 52. Ka1 Kc3 53. Ba2 Bxa2 54. Kxa2 Kd3 55. e5 fxe5 56. f6 e4 57. Ne1+ Kd2 58. Nf3+ exf3 59. gxf3 Ke3 60. f7 Kxf3 0-1